Pokémon - Générique Saison 4 (Paroles) - Statistiques

Statistiques générales
  • Ce quiz a été pris 535 fois
  • Le résultat moyen est 67 sur 77
Statistiques - réponses
Paroles % Correct
Pokémon
98%
Pokémon
98%
Pokémon
98%
Pokémon
98%
Pokémon
98%
De
95%
Je
95%
je
95%
Je
95%
le
94%
Le
94%
le
94%
me
93%
me
93%
meilleur
92%
meilleur
92%
dresseur
91%
moi
91%
moi
91%
moi
91%
moi
91%
un
91%
Avec
89%
ne
89%
89%
89%
89%
89%
89%
suis
89%
être
88%
être
88%
être
88%
être
88%
être
88%
ma
88%
mon
88%
pour
88%
pour
88%
pour
88%
pour
88%
pour
88%
c'est
87%
devenir
87%
Les
87%
Les
87%
pas
87%
vainqueur
87%
vainqueur
87%
vainqueur
87%
veux
87%
champion
86%
est
86%
grand
86%
personne
86%
ai
85%
avant
85%
avant
85%
avant
85%
comme
85%
fait
85%
peur
85%
arrivé
84%
choix
84%
moment
84%
qui
84%
toute
84%
vie
84%
J'en
83%
surpasser
83%
capturer
81%
dresser
81%
prouver
81%
Johto
78%
Johto
78%
vais
78%
élevé
15%
Aucun quiz correspondant
Distribution des résultats
% des personnes avec chaque résultat
Percentile par nombre de réponses
Votre historique - résultats
Vous n’avez pas pris ce quiz